| 000 | 01067nam a2200241Ia 4500 | ||
|---|---|---|---|
| 001 | 15890 | ||
| 003 | GE_BSU | ||
| 008 | 181216s||||||||xx |||||||||||||| ||und|| | ||
| 040 | _cGE_BSU | ||
| 080 | _a821.353.1 + 94(479.22)"18 | ||
| 100 | _aჭავჭავაძე, ი. (ილია, 1837-1907) | ||
| 245 | _aთხზულებათა სრული კრებული : 10 ტომად. ტ. 8 | ||
| 245 | _bსაზოგადოებრივი ცხოვრების დღიური | ||
| 245 | _cპ. ინგოროყვას რედ. [და შესავ. წერილით] | ||
| 260 | _aთბილისი | ||
| 260 | _bსახელგამი | ||
| 260 | _c1957 | ||
| 300 | _a362 გვ.20 სმ | ||
| 653 | _aთხზულებათა სრული კრებული | ||
| 653 | _aსაქართველოს ისტორია, XIXს | ||
| 653 | _aწერილები სახალხო მეურნეობის საკითხებზე. | ||
| 942 | _cBK | ||
| 999 |
_c48985 _d48985 |
||